书目信息 |
| 题名: |
'93中国古代小说国际研讨会论文集
|
|
| 作者: | '93中国古代小说国际研讨会学术委员会编 | |
| 分册: | ||
| 出版信息: | 北京 开明出版社 1996 |
|
| 页数: | 560页 | |
| 开本: | 20cm | |
| 丛书名: | ||
| 单 册: | ||
| 中图分类: | I207.41 , I207.4 | |
| 科图分类: | ||
| 主题词: | 古典小说-文学研究--中国--文集 , 文学研究-古典小说--中国--文集 , 文学--中国 | |
| 电子资源: | ||
| ISBN: | 7-80077-414-7 | |
| 000 | 00725nam0 2200241 45 | |
| 001 | 0197021379 | |
| 005 | 20040419153558.7 | |
| 010 | @a7-80077-414-7@dCNY23 | |
| 100 | @a19970722d1996 kemy0chiy0121 ea | |
| 101 | 0 | @achi |
| 102 | @aCN@b110000 | |
| 105 | @ay zr 100ay | |
| 106 | @ar | |
| 200 | 11 | @a'93中国古代小说国际研讨会论文集@A'93 zhong guo gu dai xiao shuo guo ji yan tao hui lun wen ji@f'93中国古代小说国际研讨会学术委员会编 |
| 210 | @a北京@c开明出版社@d1996 | |
| 215 | @a560页@d20cm | |
| 606 | @a古典小说-文学研究@y中国@x文集 | |
| 606 | @a文学研究-古典小说@y中国@x文集 | |
| 606 | 0 | @a文学@x中国 |
| 690 | @aI207.41@v3 | |
| 690 | @aI207.4 | |
| 801 | 0 | @aCN@bNLC@c19970815 |
| 905 | @f2@b275273-274@dI207.4@e301 | |
| '93中国古代小说国际研讨会论文集/'93中国古代小说国际研讨会学术委员会编.-北京:开明出版社,1996 |
| 560页;20cm |
| ISBN 7-80077-414-7:CNY23 |
| ● |
| 相关链接 |
|
|
|
|
正题名:'93中国古代小说国际研讨会论文集
索取号:I207.4/301
 
预约/预借
| 序号 | 登录号 | 条形码 | 馆藏地/架位号 | 状态 | 备注 |
| 1 | 0275273 | 000264323 | 第二借阅区/ [索取号:I207.4/301] | 在馆 | |
| 2 | 0275274 | 000264332 | 第二借阅区/ [索取号:I207.4/301] | 在馆 | |
| 3 | 0275275 | 000264341 | 第一样本阅览室/ [索取号:I207.4/301] | 在馆 |